000 00591nam a2200193Ia 4500
005 20260429112035.0
008 260429s9999||||xx |||||||||||||| ||und||
020 _a9781804897454
041 _aEnglish
082 _a613.7
_bCLE
100 _aClements, Tricia
245 0 _aHealth, well-being, and performance :
_bcurrent trends in exercise physiology /
_cTricia Clements
260 _aUnited Kingdom :
_bBrilliant Publication Ltd. ,
_c2026.
300 _aviii, 278 p.; hb
650 _a Health sciences
650 _a Sports medicine
650 _aExercise physiology
942 _cTB
999 _c52040
_d52040